Sweden National Football Team - Statistics

General Stats
  • This quiz has been taken 992 times
  • The average score is 5 of 19
Answer Stats
Goals Caps Player % Correct
62 122 Zlatan Ibrahimović
100%
37 106 Henrik Larsson
64%
10 133 Sebastian Larsson
63%
16 131 Kim Källström
28%
33 57 Gunnar Gren
25%
0 133 Andreas Isaksson
24%
26 47 Tomas Brolin
23%
21 148 Anders Svensson
21%
31 83 Kennet Andersson
21%
8 117 Olof Mellberg
20%
43 33 Gunnar Nordahl
19%
0 143 Thomas Ravelli
18%
29 60 Martin Dahlin
14%
2 116 Roland Nilsson
9%
30 74 Marcus Allbäck
8%
7 109 Niclas Alexandersson
6%
49 43 Sven Rydell
4%
27 51 Agne Simonsson
3%
0 115 Björn Nordqvist
2%
No matching quizzes found
Score Distribution
Percent of People with Each Score
Percentile by Number Answered
Your Score History
You have not taken this quiz